| 000 | 00524nam a22001937a 4500 | ||
|---|---|---|---|
| 003 | OSt | ||
| 005 | 20170301122108.0 | ||
| 008 | 170301b xxu||||| |||| 00| 0 eng d | ||
| 020 | _a9780444527158 | ||
| 040 | _cDDC. | ||
| 082 | _a539.752MIC 2007. | ||
| 100 |
_aLannunziata F.Micheal; _911719 |
||
| 245 | _aRadioactivity: Introduction and History. | ||
| 260 |
_aBoston. _bElsevier. _c2007. |
||
| 300 |
_axxi,609; _bill; _c25cm. |
||
| 504 | _aincludes references and index. | ||
| 650 |
_aPhysics. _9809 |
||
| 942 |
_2ddc _cO_SHELF |
||
| 999 |
_c5608 _d5608 |
||